000 00643nam a2200181Ia 4500
008 100920s9999 xx 000 0 und d
082 _b101592
_a891.43 न 08
100 _aसंक:श्वेताभ.
245 _aज्ञानवर्धक कथाएँ भाग 1.
260 _bसंकेत प्रका.इलाहबाद.
_c2008
300 _a128
_bसाधी
365 _b160
520 _aहिंदी.
630 _aज्ञानवर्धक कथाएँ भाग 1.
650 _aहिंदी.
730 _aज्ञानवर्धक कथाएँ भाग 1.
942 _cBOOK
999 _c742029
_d742026